000 00779nam a22002055i 4500
001 177893
003 ES-MaACL
005 20250814015830.0
008 110505s1972 sp a |||| | spa d
080 _a58
245 0 0 _aTrabajos del Departamento de Botánica.
_p1 /
_cUniversidad de Granada, Departamento Interfacultativo de Botánica y Ecología Vegetal.
260 _aGranada :
_bUniversidad de Granada,
_c1972.
300 _a57 p. :
_bil. bl. y n. ;
_c25 cm.
504 _aBibliografía: p. 52-57.
650 7 _aBotánica
_2embne
_910610
650 4 _aEcología vegetal.
_9147564
710 2 _aUniversidad de Granada.
_bDepartamento Interfacultativo de Botanica y Ecología Vegetal.
_9146380
852 4 _aES-MaACL
_j2289-F-7
_xOlim P-1595
999 _c177893
_d177893